| 000 | 00868cab a2200265 4500 | ||
|---|---|---|---|
| 001 | ABS52030 | ||
| 008 | 090401t1994 xxu||||| |||| 00| 0 eng d | ||
| 035 | _a(Sirsi) u55473 | ||
| 041 | _aeng | ||
| 100 | _aKlein, R. | ||
| 245 | _aGoing with the flow | ||
| 260 | _c1994 | ||
| 350 | _a0 | ||
| 490 |
_aBuilding _v260(7874) 6 January 1994, 26(1) |
||
| 520 | _aArgues that the construction industry must develop a more efficient system for the flow of project management information in order to achieve the 30% reduction in construction costs, as indicated in the Latham Report. | ||
| 650 | _aCO-ORDINATED PROJECT INFORMATION | ||
| 650 | _aCONSTRUCTION COSTS | ||
| 650 | _aCONSTRUCTION INDUSTRY | ||
| 650 | _aLATHAM REFORMS | ||
| 650 | _aPROJECT INFORMATION | ||
| 690 | _aBUILT ENVIRONMENT | ||
| 700 | _aButton, R. | ||
| 942 | _n0 | ||
| 948 | _c04/03/1997 | ||
| 999 |
_c33890 _d33890 |
||